English Speaking Countries - World Map Sudden Death - Statistics

General Stats
  • This quiz has been taken 652 times
  • The average score is 15 of 26
Answers on the Grid
Answers color-coded by a green-red scale on the quiz's grid according to % correct below.
 
Answer Stats
Answer % Correct
Canada, United States
93%
Canada, United States
92%
Bahamas, Canada, United States
92%
Canada
90%
Canada
88%
Ireland, United Kingdom
80%
Malta, United Kingdom
67%
Australia, Papua New Guinea
66%
Australia
65%
Australia, New Zealand
65%
Australia, Papua New Guinea, Fiji +6
64%
Belize, Jamaica, Guyana, St Lucia...
63%
South Africa, Lesotho
58%
Ireland
57%
Namibia, South Africa, Botswana +3
54%
India, Sri Lanka, Malaysia
52%
Sudan, South Sudan, Uganda +3
50%
Zimbabwe, South Africa, Tanzania +5
50%
Pakistan, India
47%
Nigeria, Cameroon, Sudan +4
46%
Pakistan, India
44%
Malaysia, Philippines, Palau +2
41%
Kiribati, United States
35%
Gambia, Liberia, Sierra Leone
34%
Palau, Marshall Islands, Kiribati, Nauru
34%
Kiribati
20%
No matching quizzes found
Score Distribution
Percent of People with Each Score
Percentile by Number Answered
Your Score History
You have not taken this quiz